| 000 | 00652nam a2200241 a 4500 | ||
|---|---|---|---|
| 001 | BRL_1 | ||
| 005 | 20190320210539.0 | ||
| 008 | 280912s1984----mx-a######---#000-0#spa-# | ||
| 020 | _a9681612663 | ||
| 041 | _aspa | ||
| 044 | _amx | ||
| 050 | 4 |
_aBL460 _b.T53 1984 |
|
| 100 | 1 |
_aTibón, Gutierre _922612 |
|
| 245 | 1 | 0 |
_aEl ombligo como centro erótico _cGutierre Tibón. |
| 260 |
_aMéxico _bFCE : SEP, Cultura SEP _c1984 |
||
| 300 |
_a133 p. _bil. _c21 cm. |
||
| 440 | 0 |
_aLecturas mexicanas _v16 _922613 |
|
| 500 | _aAu58 | ||
| 504 | _aBibliografía: p. 132-[135] | ||
| 650 | 1 | 4 |
_aOmbligo _xSimbolismo sexual _922614 |
| 902 | _aGRL | ||
| 942 |
_2lcc _cB |
||
| 999 |
_c8814 _d8814 |
||